RICS opens CAP resource centre (Record no. 72340)
[ view plain ]
| 000 -LEADER | |
|---|---|
| fixed length control field | 00762cam a2200205 4500 |
| 001 - CONTROL NUMBER | |
| control field | WB3912-19 |
| 008 - FIXED-LENGTH DATA ELEMENTS--GENERAL INFORMATION | |
| fixed length control field | 030325n2003 000 0 eng u |
| 035 ## - SYSTEM CONTROL NUMBER | |
| System control number | (Sirsi) u121724 |
| 245 ## - TITLE STATEMENT | |
| Title | RICS opens CAP resource centre |
| 260 ## - PUBLICATION, DISTRIBUTION, ETC. | |
| Date of publication, distribution, etc. | 2003 |
| 490 ## - SERIES STATEMENT | |
| Series statement | RICS Rural Faculty News |
| Volume/sequential designation | 24 March 2003 (1) |
| 520 ## - SUMMARY, ETC. | |
| Summary, etc. | RICS Rural Faculty has launched a Resource Centre http://www.rics.org/rural/cap.html to provide information on the Common Agricultural Policy (CAP) and the current reform process. Log on for RICS CAP professional updates, policy submissions and links to related information. |
| 590 ## - LOCAL NOTE (RLIN) | |
| Local note | WB |
| 650 ## - SUBJECT ADDED ENTRY--TOPICAL TERM | |
| Topical term or geographic name entry element | COMMON AGRICULTURAL POLICY |
| 650 ## - SUBJECT ADDED ENTRY--TOPICAL TERM | |
| Topical term or geographic name entry element | REFORM |
| 650 ## - SUBJECT ADDED ENTRY--TOPICAL TERM | |
| Topical term or geographic name entry element | RURAL POLICY |
| 650 ## - SUBJECT ADDED ENTRY--TOPICAL TERM | |
| Topical term or geographic name entry element | RICS |
| 690 ## - LOCAL SUBJECT ADDED ENTRY--TOPICAL TERM (OCLC, RLIN) | |
| Topical term or geographic name as entry element | Rural |
| 9 (RLIN) | 6268 |
| 942 ## - ADDED ENTRY ELEMENTS (KOHA) | |
| Suppress in OPAC | 0 |
| Withdrawn status | Lost status | Source of classification or shelving scheme | Damaged status | Not for loan | Home library | Current library | Shelving location | Date acquired | Total Checkouts | Full call number | Barcode | Date last seen | Copy number | Price effective from | Koha item type |
|---|---|---|---|---|---|---|---|---|---|---|---|---|---|---|---|
| Dewey Decimal Classification | London | London | News article | 25/03/2003 | WB3912-19 | 121724-1001 | 06/08/2019 | 1 | 06/08/2019 | News article |